00226nam a22000857a 4500008004100000082001600041245004500057260003000102300000800132230627b xxu||||| |||| 00| 0 eng d a338.2bGRA  aGeothermal Steam for Powerin New Zealand bGovernment of New Zealand a98p